[Event "2012"]
[Site "Pyhajarve"]
[Date "2012.11.23"]
[Round "6.3"]
[White "VALGMAE, Toomas"]
[Black "MIEZIS, Normunds"]
[Result "0-1"]
[LiveChessVersion "1.3.1"]
[BlackElo "2512"]
[WhiteElo "2257"]

1. d4 {[%clk 0:13:57]} Nf6 {[%clk 0:05:58]} 2. c4 {[%clk 0:13:52]} c5
{[%clk 0:05:56]} 3. d5 {[%clk 0:13:44]} e6 {[%clk 0:05:54]} 4. Nc3
{[%clk 0:13:43]} exd5 {[%clk 0:05:52]} 5. cxd5 {[%clk 0:13:42]} Bd6
{[%clk 0:05:50]} 6. Nf3 {[%clk 0:13:36]} Bc7 {[%clk 0:05:48]} 7. g3
{[%clk 0:13:23]} d6 {[%clk 0:05:45]} 8. Bg2 {[%clk 0:13:21]} a6 {[%clk 0:05:42]}
9. a4 {[%clk 0:13:21]} O-O {[%clk 0:05:39]} 10. O-O {[%clk 0:13:19]} Re8
{[%clk 0:05:36]} 11. Nd2 {[%clk 0:13:03]} Nbd7 {[%clk 0:05:34]} 12. Nc4
{[%clk 0:12:45]} Rb8 {[%clk 0:05:32]} 13. Bf4 {[%clk 0:11:46]} Nf8
{[%clk 0:05:30]} 14. a5 {[%clk 0:11:34]} Ng6 {[%clk 0:05:26]} 15. Bd2
{[%clk 0:11:10]} Ne5 {[%clk 0:05:22]} 16. Nxe5 {[%clk 0:10:54]} Rxe5
{[%clk 0:05:19]} 17. Qa4 {[%clk 0:10:08]} Bd7 {[%clk 0:05:14]} 18. Qa2
{[%clk 0:09:46]} h6 {[%clk 0:05:04]} 19. Rfe1 {[%clk 0:09:38]} Re8
{[%clk 0:04:59]} 20. h3 {[%clk 0:09:26]} Ra8 {[%clk 0:04:37]} 21. e4
{[%clk 0:09:02]} Bb5 {[%clk 0:04:32]} 22. f4 {[%clk 0:08:49]} Bd3
{[%clk 0:04:28]} 23. Kh2 {[%clk 0:08:34]} Rb8 {[%clk 0:04:21]} 24. Re3
{[%clk 0:07:49]} c4 {[%clk 0:04:20]} 25. Rae1 {[%clk 0:06:18]} Bxa5
{[%clk 0:04:05]} 26. e5 {[%clk 0:06:13]} dxe5 {[%clk 0:04:01]} 27. Rxe5
{[%clk 0:06:03]} Rxe5 {[%clk 0:03:56]} 28. fxe5 {[%clk 0:05:35]} Bxc3
{[%clk 0:03:54]} 29. bxc3 {[%clk 0:05:29]} Nxd5 {[%clk 0:03:51]} 30. e6
{[%clk 0:05:26]} fxe6 {[%clk 0:03:48]} 31. Rxe6 {[%clk 0:05:25]} Qd7
{[%clk 0:03:41]} 32. Re5 {[%clk 0:05:10]} Nf6 {[%clk 0:03:38]} 33. Bf4
{[%clk 0:05:02]} Re8 {[%clk 0:03:34]} 34. Qa5 {[%clk 0:04:35]} Rxe5
{[%clk 0:03:28]} 35. Bxe5 {[%clk 0:04:32]} Be4 {[%clk 0:03:13]} 36. Qc5
{[%clk 0:02:50]} Bxg2 {[%clk 0:03:02]} 37. Kxg2 {[%clk 0:02:49]} Qd5+
{[%clk 0:02:57]} 0-1

[Event "2012"]
[Site "Pyhajarve"]
[Date "2012.11.23"]
[Round "6.4"]
[White "KULAOTS, Kaido"]
[Black "PUUSEPP, Kaimar"]
[Result "1-0"]
[LiveChessVersion "1.3.1"]
[BlackElo "2273"]
[WhiteElo "2537"]

1. e4 {[%clk 0:05:59]} d6 {[%clk 0:14:00]} 2. d4 {[%clk 0:05:58]} Nf6
{[%clk 0:13:59]} 3. Bd3 {[%clk 0:05:57]} e5 {[%clk 0:13:58]} 4. c3
{[%clk 0:05:54]} Nc6 {[%clk 0:13:54]} 5. Ne2 {[%clk 0:05:50]} d5 {[%clk 0:13:49]}
6. exd5 {[%clk 0:05:47]} Qxd5 {[%clk 0:13:46]} 7. O-O {[%clk 0:05:44]} exd4
{[%clk 0:13:26]} 8. cxd4 {[%clk 0:05:42]} Be7 {[%clk 0:13:18]} 9. Nbc3
{[%clk 0:05:36]} Qd8 {[%clk 0:12:52]} 10. Bf4 {[%clk 0:05:32]} O-O
{[%clk 0:12:43]} 11. d5 {[%clk 0:05:11]} Nb4 {[%clk 0:12:23]} 12. Bc4
{[%clk 0:05:10]} Bg4 {[%clk 0:10:58]} 13. f3 {[%clk 0:05:00]} Bh5
{[%clk 0:10:24]} 14. a3 {[%clk 0:04:49]} Na6 15. Nd4 {[%clk 0:04:45]} Bd6
{[%clk 0:09:17]} 16. Bg5 {[%clk 0:04:41]} Nc5 {[%clk 0:08:31]} 17. Re1
{[%clk 0:04:24]} Bg6 {[%clk 0:08:16]} 18. Qd2 {[%clk 0:04:11]} a5
{[%clk 0:07:43]} 19. Re2 {[%clk 0:04:05]} h6 {[%clk 0:07:03]} 20. Bh4
{[%clk 0:03:51]} Kh7 {[%clk 0:06:24]} 21. Rae1 {[%clk 0:03:43]} a4
{[%clk 0:05:53]} 22. h3 {[%clk 0:03:27]} Ncd7 {[%clk 0:05:19]} 23. f4
{[%clk 0:03:18]} Bc5 {[%clk 0:04:53]} 24. Bf2 {[%clk 0:03:04]} Nb6
{[%clk 0:04:37]} 25. Ba2 {[%clk 0:03:01]} Bxd4 {[%clk 0:04:28]} 26. Qxd4
{[%clk 0:02:59]} Re8 {[%clk 0:04:03]} 27. Rxe8 Nxe8 28. Qe5 {[%clk 0:02:42]} Nd6
{[%clk 0:03:42]} 29. Bd4 {[%clk 0:02:38]} Nf5 {[%clk 0:03:32]} 30. Bf2
{[%clk 0:02:29]} f6 {[%clk 0:03:26]} 31. Qe6 {[%clk 0:02:21]} Nd6
{[%clk 0:03:17]} 32. Bd4 {[%clk 0:02:16]} Bf7 {[%clk 0:02:47]} 33. Bb1+
{[%clk 0:02:14]} Kg8 {[%clk 0:02:44]} 34. Qe2 {[%clk 0:02:12]} Qd7
{[%clk 0:02:32]} 35. Qd3 {[%clk 0:02:11]} f5 {[%clk 0:02:28]} 36. Qg3
{[%clk 0:02:08]} g6 {[%clk 0:02:08]} 37. Qh4 {[%clk 0:02:06]} Kh7
{[%clk 0:01:36]} 38. Qf6 {[%clk 0:02:00]} 1-0

[Event "2012"]
[Site "Pyhajarve"]
[Date "2012.11.23"]
[Round "6.5"]
[White "SCHULS, Olev"]
[Black "VOLODIN, Aleksandr"]
[Result "1-0"]
[LiveChessVersion "1.3.1"]
[BlackElo "2446"]
[WhiteElo "2224"]

1. e4 {[%clk 0:13:58]} c5 {[%clk 0:06:00]} 2. Nf3 e6 3. d4 {[%clk 0:13:56]} cxd4
{[%clk 0:05:58]} 4. Nxd4 {[%clk 0:13:55]} Nc6 {[%clk 0:05:58]} 5. Nxc6
{[%clk 0:13:54]} bxc6 {[%clk 0:05:57]} 6. Bd3 {[%clk 0:13:53]} e5
{[%clk 0:05:56]} 7. O-O {[%clk 0:13:49]} Nf6 {[%clk 0:05:55]} 8. f4
{[%clk 0:13:44]} Bc5+ {[%clk 0:05:54]} 9. Kh1 {[%clk 0:13:43]} d6
{[%clk 0:05:53]} 10. f5 {[%clk 0:13:42]} Rb8 {[%clk 0:05:41]} 11. c3
{[%clk 0:13:33]} O-O {[%clk 0:05:33]} 12. b4 {[%clk 0:13:25]} Bb6
{[%clk 0:05:30]} 13. Bg5 {[%clk 0:13:24]} Qe7 {[%clk 0:05:18]} 14. Nd2
{[%clk 0:13:06]} d5 {[%clk 0:05:16]} 15. Qe2 {[%clk 0:12:48]} Rd8
{[%clk 0:05:12]} 16. a3 {[%clk 0:12:40]} Bb7 {[%clk 0:05:05]} 17. c4
{[%clk 0:10:51]} Bd4 {[%clk 0:04:55]} 18. Rab1 {[%clk 0:10:38]} h6
{[%clk 0:04:32]} 19. Bh4 {[%clk 0:10:38]} Bc3 {[%clk 0:03:54]} 20. Nb3
{[%clk 0:10:25]} Ba6 {[%clk 0:03:09]} 21. cxd5 {[%clk 0:10:00]} Bb7
{[%clk 0:02:48]} 22. dxc6 {[%clk 0:09:46]} Bxc6 {[%clk 0:02:46]} 23. Rbc1
{[%clk 0:09:24]} Bxb4 {[%clk 0:02:44]} 24. axb4 {[%clk 0:09:18]} Rxb4
{[%clk 0:02:43]} 25. Rxc6 {[%clk 0:09:12]} Rxb3 {[%clk 0:02:43]} 26. Bxf6
{[%clk 0:09:10]} gxf6 {[%clk 0:02:41]} 27. Bc4 {[%clk 0:09:04]} Rb4
{[%clk 0:02:32]} 28. Bd5 {[%clk 0:09:03]} Kh7 {[%clk 0:02:25]} 29. h3
{[%clk 0:08:52]} a5 {[%clk 0:02:24]} 30. Qh5 {[%clk 0:08:48]} Rd7
{[%clk 0:02:16]} 31. Ra1 {[%clk 0:08:34]} a4 {[%clk 0:02:15]} 32. Ra6
{[%clk 0:08:26]} Ra7 {[%clk 0:02:14]} 33. Rxa7 {[%clk 0:08:24]} Qxa7
{[%clk 0:02:13]} 34. Qxf7+ Qxf7 35. Bxf7 {[%clk 0:08:18]} Rxe4 {[%clk 0:02:13]}
36. Be8 {[%clk 0:08:08]} Rf4 {[%clk 0:02:12]} 37. Bd7 {[%clk 0:08:03]} h5
{[%clk 0:02:04]} 38. Rxa4 {[%clk 0:07:59]} Rf1+ {[%clk 0:02:03]} 39. Kh2 Kh6 40.
h4 {[%clk 0:07:55]} Rd1 {[%clk 0:02:02]} 41. Be8 {[%clk 0:07:45]} Rd8
{[%clk 0:01:52]} 42. Bg6 {[%clk 0:07:37]} Kg7 {[%clk 0:01:51]} 43. Ra7+
{[%clk 0:07:36]} Kg8 {[%clk 0:01:50]} 44. Bf7+ {[%clk 0:07:30]} Kh8
{[%clk 0:01:48]} 45. Bxh5 Rd4 {[%clk 0:01:42]} 46. g3 {[%clk 0:07:22]} 1-0

[Event "2012"]
[Site "Pyhajarve"]
[Date "2012.11.23"]
[Round "7.2"]
[White "MIEZIS, Normunds"]
[Black "NYBACK, Tomi"]
[Result "1/2-1/2"]
[LiveChessVersion "1.3.1"]
[BlackElo "2631"]
[WhiteElo "2512"]

1. c4 {[%clk 0:09:57]} e6 {[%clk 0:09:59]} 2. e4 {[%clk 0:09:55]} d5
{[%clk 0:09:58]} 3. exd5 {[%clk 0:09:52]} exd5 {[%clk 0:09:56]} 4. d4
{[%clk 0:09:49]} Nf6 {[%clk 0:09:54]} 5. Nc3 {[%clk 0:09:47]} Be7
{[%clk 0:09:53]} 6. Nf3 {[%clk 0:09:43]} O-O {[%clk 0:09:50]} 7. Be2
{[%clk 0:09:39]} Be6 {[%clk 0:09:48]} 8. cxd5 {[%clk 0:09:28]} Nxd5
{[%clk 0:09:46]} 9. O-O {[%clk 0:09:22]} Nc6 {[%clk 0:09:42]} 10. h3
{[%clk 0:09:07]} Re8 {[%clk 0:09:16]} 11. Re1 {[%clk 0:09:02]} Bf6
{[%clk 0:08:58]} 12. Bb5 {[%clk 0:08:35]} a6 {[%clk 0:08:14]} 13. Bxc6
{[%clk 0:08:26]} Nxc3 {[%clk 0:08:05]} 14. bxc3 {[%clk 0:08:05]} bxc6
{[%clk 0:08:03]} 15. Bf4 {[%clk 0:06:13]} c5 {[%clk 0:08:01]} 16. a3
{[%clk 0:05:28]} cxd4 {[%clk 0:07:32]} 17. Nxd4 {[%clk 0:05:13]} Bd5
{[%clk 0:05:53]} 18. Rxe8+ {[%clk 0:05:01]} Qxe8 {[%clk 0:05:51]} 19. Bxc7
{[%clk 0:04:55]} Rc8 {[%clk 0:05:49]} 20. Ba5 {[%clk 0:04:39]} Qe4
{[%clk 0:05:43]} 21. Qg4 {[%clk 0:04:33]} Qxg4 {[%clk 0:04:47]} 22. hxg4
{[%clk 0:04:30]} Rc4 {[%clk 0:04:44]} 23. Rb1 {[%clk 0:03:52]} h6
{[%clk 0:04:13]} 24. Rb8+ {[%clk 0:03:46]} Kh7 {[%clk 0:04:11]} 25. Bb4
{[%clk 0:03:38]} Bxd4 {[%clk 0:04:01]} 26. cxd4 {[%clk 0:03:35]} Rxd4
{[%clk 0:03:58]} 27. Rd8 {[%clk 0:03:32]} Rd1+ {[%clk 0:03:56]} 28. Kh2
{[%clk 0:03:29]} Bf3 {[%clk 0:03:51]} 29. Rf8 {[%clk 0:03:20]} Bxg4
{[%clk 0:03:46]} 30. Rxf7 {[%clk 0:03:15]} Rd7 {[%clk 0:03:44]} 1/2-1/2

[Event "2012"]
[Site "Pyhajarve"]
[Date "2012.11.23"]
[Round "7.3"]
[White "TUULIK, Ylo"]
[Black "KULAOTS, Kaido"]
[Result "0-1"]
[LiveChessVersion "1.3.1"]
[BlackElo "2537"]
[WhiteElo "1923"]

1. d4 {[%clk 0:01:57]} Nf6 {[%clk 0:18:00]} 2. Nc3 {[%clk 0:01:56]} e6
{[%clk 0:17:58]} 3. Bg5 {[%clk 0:01:54]} h6 {[%clk 0:17:57]} 4. Bh4
{[%clk 0:01:53]} c5 {[%clk 0:17:57]} 5. e3 {[%clk 0:01:50]} Be7 {[%clk 0:17:56]}
6. Nf3 {[%clk 0:01:48]} b6 {[%clk 0:17:55]} 7. Bd3 {[%clk 0:01:41]} Bb7
{[%clk 0:17:54]} 8. Ne5 {[%clk 0:01:33]} O-O {[%clk 0:17:50]} 9. Qe2
{[%clk 0:17:58]} d6 {[%clk 0:01:59]} 10. Nf3 {[%clk 0:17:52]} a6 {[%clk 0:01:58]}
11. O-O-O {[%clk 0:17:48]} Nbd7 {[%clk 0:01:57]} 12. Rhg1 b5 13. Qf1
{[%clk 0:17:32]} b4 {[%clk 0:01:55]} 14. Ne2 {[%clk 0:17:30]} d5 {[%clk 0:01:53]}
15. dxc5 Nxc5 16. g4 {[%clk 0:16:56]} Nfe4 {[%clk 0:01:46]} 17. Bxe7 Qxe7 18. g5
{[%clk 0:16:45]} Nxg5 {[%clk 0:01:39]} 19. Ne5 {[%clk 0:16:40]} Qf6
{[%clk 0:01:36]} 20. f4 {[%clk 0:16:35]} Nge4 {[%clk 0:01:32]} 21. Nd4
{[%clk 0:16:12]} Kh8 {[%clk 0:01:30]} 22. h4 {[%clk 0:15:34]} Rac8
{[%clk 0:01:29]} 23. Bxe4 Nxe4 24. Kb1 {[%clk 0:15:00]} Rc7 {[%clk 0:01:28]} 25.
Ng4 {[%clk 0:14:50]} Qe7 {[%clk 0:01:27]} 26. f5 {[%clk 0:14:40]} Bc8
{[%clk 0:01:24]} 27. Qf4 {[%clk 0:14:31]} exf5 {[%clk 0:01:15]} 28. Nxh6
{[%clk 0:14:27]} Qd6 {[%clk 0:01:10]} 29. Nhxf5 {[%clk 0:14:00]} Qxf4
{[%clk 0:01:09]} 30. exf4 {[%clk 0:13:59]} g6 {[%clk 0:01:07]} 31. Ne3
{[%clk 0:13:43]} Nf6 {[%clk 0:01:07]} 32. f5 {[%clk 0:13:38]} Re8
{[%clk 0:01:05]} 33. Ng4 {[%clk 0:13:27]} Nxg4 {[%clk 0:01:03]} 34. Rxg4
{[%clk 0:13:25]} Re4 {[%clk 0:01:02]} 35. Rg5 {[%clk 0:13:15]} Rce7
{[%clk 0:00:59]} 36. fxg6 {[%clk 0:13:11]} Rxd4 {[%clk 0:00:56]} 37. Rdg1
{[%clk 0:13:01]} Rg4 {[%clk 0:00:45]} 38. Rh5+ {[%clk 0:12:59]} Kg7
{[%clk 0:00:43]} 39. Rh7+ {[%clk 0:12:55]} Kxg6 {[%clk 0:00:42]} 40. Rxg4+
{[%clk 0:12:44]} Bxg4 {[%clk 0:00:39]} 0-1

[Event "2012"]
[Site "Pyhajarve"]
[Date "2012.11.23"]
[Round "7.5"]
[White "LIIVA, Riho"]
[Black "SIEMER, Tambet"]
[Result "1/2-1/2"]
[LiveChessVersion "1.3.1"]
[BlackElo "2046"]
[WhiteElo "2451"]

1. e4 {[%clk 0:05:59]} c6 {[%clk 0:13:59]} 2. c4 {[%clk 0:05:58]} d5
{[%clk 0:13:58]} 3. cxd5 {[%clk 0:05:57]} cxd5 {[%clk 0:13:57]} 4. exd5
{[%clk 0:05:56]} Qxd5 {[%clk 0:13:56]} 5. Nc3 {[%clk 0:05:54]} Qd8
{[%clk 0:13:56]} 6. d4 {[%clk 0:05:53]} e6 {[%clk 0:13:55]} 7. Bc4
{[%clk 0:05:24]} Nf6 {[%clk 0:13:48]} 8. Nf3 {[%clk 0:05:11]} Nc6
{[%clk 0:13:46]} 9. O-O {[%clk 0:05:03]} Be7 {[%clk 0:13:45]} 10. Bg5
{[%clk 0:04:45]} O-O {[%clk 0:13:14]} 11. Rc1 {[%clk 0:04:39]} b6
{[%clk 0:11:22]} 12. a3 {[%clk 0:04:35]} Bb7 {[%clk 0:11:19]} 13. Qd3
{[%clk 0:04:15]} Rc8 {[%clk 0:09:38]} 14. Ba2 {[%clk 0:03:23]} Re8
{[%clk 0:09:35]} 15. Rfd1 {[%clk 0:03:13]} Nd5 {[%clk 0:08:58]} 16. Bd2
{[%clk 0:03:02]} Nxc3 {[%clk 0:08:53]} 17. Bxc3 {[%clk 0:02:59]} Bf6
{[%clk 0:08:48]} 18. d5 {[%clk 0:02:16]} exd5 {[%clk 0:08:28]} 19. Bxd5
{[%clk 0:02:02]} Bxc3 {[%clk 0:07:16]} 20. Qxc3 {[%clk 0:01:40]} Nd4
{[%clk 0:04:21]} 21. Bxf7+ {[%clk 0:01:20]} Kxf7 {[%clk 0:04:01]} 22. Qxd4
{[%clk 0:01:19]} Rxc1 {[%clk 0:03:51]} 23. Qf4+ {[%clk 0:01:10]} Qf6
{[%clk 0:03:30]} 24. Qxf6+ {[%clk 0:01:07]} Kxf6 {[%clk 0:03:26]} 25. Rxc1
{[%clk 0:01:06]} Bxf3 {[%clk 0:03:24]} 26. gxf3 {[%clk 0:01:05]} Re2
{[%clk 0:03:22]} 27. Rc6+ Kf5 {[%clk 0:03:09]} 28. Rc7 {[%clk 0:00:52]} Kf6
{[%clk 0:01:44]} 29. b4 {[%clk 0:00:50]} a5 {[%clk 0:01:13]} 30. bxa5 bxa5 31.
Ra7 {[%clk 0:00:35]} Re5 {[%clk 0:01:11]} 32. Kg2 {[%clk 0:00:34]} Rc5
{[%clk 0:01:09]} 33. f4 {[%clk 0:00:33]} h5 {[%clk 0:01:06]} 34. Kg3
{[%clk 0:00:32]} g6 {[%clk 0:01:04]} 35. f3 {[%clk 0:00:31]} Kf5 {[%clk 0:00:59]}
36. Ra6 {[%clk 0:00:31]} Rb5 {[%clk 0:00:56]} 37. h4 {[%clk 0:00:28]} Rc5
{[%clk 0:00:53]} 38. Ra8 {[%clk 0:00:27]} Rb5 {[%clk 0:00:50]} 39. Rf8+
{[%clk 0:00:27]} Ke6 {[%clk 0:00:49]} 40. Rg8 {[%clk 0:00:26]} Kf7
{[%clk 0:00:49]} 41. Ra8 {[%clk 0:00:25]} Kf6 {[%clk 0:00:48]} 42. a4
{[%clk 0:00:23]} Rc5 {[%clk 0:00:47]} 43. Ra6+ {[%clk 0:00:23]} Kf7
{[%clk 0:00:45]} 44. Ra7+ {[%clk 0:00:22]} Kf6 {[%clk 0:00:45]} 45. Ra6+
{[%clk 0:00:21]} Kf7 {[%clk 0:00:44]} 46. Ra8 {[%clk 0:00:20]} Kf6 47. Kf2 Kf7
{[%clk 0:00:40]} 48. Ke3 {[%clk 0:00:19]} Rf5 {[%clk 0:00:39]} 49. Ke4
{[%clk 0:00:18]} Ke7 {[%clk 0:00:38]} 50. Ra7+ {[%clk 0:00:17]} Kf6 51. Ra6+ Kf7
{[%clk 0:00:37]} 52. Ra7+ {[%clk 0:00:16]} Kf6 53. Rb7 Ke6 {[%clk 0:00:34]} 54.
Rb6+ {[%clk 0:00:15]} Kf7 {[%clk 0:00:33]} 55. Rb5 {[%clk 0:00:14]} Ke6
{[%clk 0:00:32]} 56. Rxf5 {[%clk 0:00:12]} gxf5+ 57. Kd4 Kd6 {[%clk 0:00:28]} 58.
Kc4 {[%clk 0:00:11]} Kc6 1/2-1/2

[Event "2012"]
[Site "Pyhajarve"]
[Date "2012.11.23"]
[Round "8.2"]
[White "VALGMAE, Toomas"]
[Black "NYBACK, Tomi"]
[Result "1-0"]
[LiveChessVersion "1.3.1"]
[BlackElo "2631"]
[WhiteElo "2257"]

1. d4 {[%clk 0:13:59]} Nf6 {[%clk 0:05:59]} 2. c4 {[%clk 0:13:57]} g6
{[%clk 0:05:58]} 3. Nc3 {[%clk 0:13:56]} d5 {[%clk 0:05:57]} 4. cxd5
{[%clk 0:13:47]} Nxd5 {[%clk 0:05:55]} 5. e4 {[%clk 0:13:46]} Nxc3
{[%clk 0:05:54]} 6. bxc3 {[%clk 0:13:45]} Bg7 {[%clk 0:05:52]} 7. Be3
{[%clk 0:13:28]} c5 {[%clk 0:05:48]} 8. Qd2 {[%clk 0:13:24]} cxd4
{[%clk 0:05:14]} 9. cxd4 {[%clk 0:13:22]} Nc6 {[%clk 0:05:13]} 10. Rd1
{[%clk 0:12:58]} Qa5 {[%clk 0:05:08]} 11. Qxa5 {[%clk 0:12:48]} Nxa5
{[%clk 0:05:06]} 12. Nf3 {[%clk 0:12:24]} O-O {[%clk 0:04:53]} 13. Bd3
{[%clk 0:11:41]} Bg4 {[%clk 0:04:47]} 14. Ke2 {[%clk 0:11:33]} Nc6
{[%clk 0:04:18]} 15. Bb5 {[%clk 0:10:46]} f5 {[%clk 0:03:47]} 16. h3
{[%clk 0:09:26]} Bh5 {[%clk 0:03:18]} 17. e5 {[%clk 0:07:45]} Rad8
{[%clk 0:02:53]} 18. Bxc6 {[%clk 0:06:28]} bxc6 {[%clk 0:02:51]} 19. Rd3
{[%clk 0:05:52]} Rd5 {[%clk 0:02:36]} 20. Rc1 {[%clk 0:05:39]} f4
{[%clk 0:01:36]} 21. Bd2 {[%clk 0:05:29]} c5 {[%clk 0:01:19]} 22. Rxc5
{[%clk 0:05:19]} Rxc5 {[%clk 0:01:18]} 23. dxc5 {[%clk 0:05:18]} Bxe5
{[%clk 0:01:16]} 24. Rd7 {[%clk 0:04:36]} Kf7 {[%clk 0:00:58]} 25. Kd3
{[%clk 0:04:25]} Bxf3 {[%clk 0:00:55]} 26. gxf3 {[%clk 0:04:25]} Bb8
{[%clk 0:00:46]} 27. Kc4 {[%clk 0:04:03]} a6 {[%clk 0:00:45]} 28. c6
{[%clk 0:03:36]} Rc8 {[%clk 0:00:33]} 29. Kd5 {[%clk 0:03:29]} Ke8
{[%clk 0:00:27]} 30. Bb4 {[%clk 0:03:00]} e6+ {[%clk 0:00:23]} 31. Kc5
{[%clk 0:02:58]} Rc7 {[%clk 0:00:21]} 32. Rxc7 {[%clk 0:02:04]} Bxc7
{[%clk 0:00:20]} 33. Bc3 {[%clk 0:02:02]} Ke7 34. Bd4 {[%clk 0:01:47]} Kf7
{[%clk 0:00:14]} 35. Kc4 {[%clk 0:01:38]} Ke7 {[%clk 0:00:13]} 36. Bc5+
{[%clk 0:01:29]} Kf6 {[%clk 0:00:12]} 37. a4 {[%clk 0:01:21]} Ke5
{[%clk 0:00:11]} 38. Bf8 {[%clk 0:01:10]} Bb6 {[%clk 0:00:08]} 39. Be7
{[%clk 0:01:02]} Kf5 {[%clk 0:00:05]} 40. Bd6 {[%clk 0:01:00]} e5
{[%clk 0:00:04]} 41. Kd5 {[%clk 0:00:52]} Ke4+ 42. Kxe4 1-0

[Event "2012"]
[Site "Pyhajarve"]
[Date "2012.11.23"]
[Round "8.3"]
[White "LAINE, Panu"]
[Black "MIEZIS, Normunds"]
[Result "0-1"]
[LiveChessVersion "1.3.1"]
[BlackElo "2512"]
[WhiteElo "2207"]

1. e4 {[%clk 0:15:59]} c5 {[%clk 0:03:59]} 2. Nf3 {[%clk 0:15:56]} e6
{[%clk 0:03:58]} 3. c3 {[%clk 0:15:55]} d5 {[%clk 0:03:56]} 4. exd5
{[%clk 0:15:52]} exd5 {[%clk 0:03:55]} 5. d4 {[%clk 0:15:51]} Nc6
{[%clk 0:03:53]} 6. Bb5 {[%clk 0:15:44]} Bd6 {[%clk 0:03:51]} 7. O-O
{[%clk 0:15:36]} Nf6 {[%clk 0:03:48]} 8. Re1+ {[%clk 0:15:26]} Be6
{[%clk 0:03:46]} 9. dxc5 {[%clk 0:14:17]} Bxc5 {[%clk 0:03:43]} 10. Nd4
{[%clk 0:14:13]} O-O {[%clk 0:03:32]} 11. Bg5 {[%clk 0:13:34]} h6
{[%clk 0:03:10]} 12. Bh4 {[%clk 0:12:53]} Bd7 {[%clk 0:02:57]} 13. Nxc6
{[%clk 0:12:00]} bxc6 {[%clk 0:02:51]} 14. Bd3 {[%clk 0:11:59]} Rb8
{[%clk 0:02:37]} 15. b4 {[%clk 0:11:50]} Bd6 {[%clk 0:02:33]} 16. Nd2
{[%clk 0:11:27]} a5 {[%clk 0:02:28]} 17. a3 {[%clk 0:11:21]} g5 {[%clk 0:02:22]}
18. Bg3 {[%clk 0:11:18]} Bxg3 {[%clk 0:02:18]} 19. hxg3 {[%clk 0:11:09]} Kg7
{[%clk 0:02:12]} 20. Nf3 {[%clk 0:10:47]} Bg4 {[%clk 0:02:08]} 21. Bc2
{[%clk 0:10:31]} Qb6 {[%clk 0:02:04]} 22. Qd4 {[%clk 0:10:11]} Bxf3
{[%clk 0:01:58]} 23. Qxb6 {[%clk 0:10:06]} Rxb6 {[%clk 0:01:56]} 24. gxf3
{[%clk 0:10:02]} Ra8 {[%clk 0:01:53]} 25. Kf1 {[%clk 0:09:18]} Kf8
{[%clk 0:01:45]} 26. Ke2 {[%clk 0:08:56]} Ne8 {[%clk 0:01:40]} 27. Kd3
{[%clk 0:08:49]} Nd6 {[%clk 0:01:38]} 28. Bb3 {[%clk 0:08:24]} Rba6
{[%clk 0:01:33]} 29. Rab1 {[%clk 0:08:05]} axb4 {[%clk 0:01:31]} 30. axb4
{[%clk 0:08:05]} Ra3 {[%clk 0:01:30]} 31. Kc2 {[%clk 0:07:34]} R3a7
{[%clk 0:01:28]} 32. Re2 {[%clk 0:07:11]} Nb5 {[%clk 0:01:24]} 33. Rbe1
{[%clk 0:07:06]} d4 {[%clk 0:01:21]} 34. c4 {[%clk 0:06:50]} Nc3 {[%clk 0:01:17]}
35. Rd2 {[%clk 0:06:06]} Na2 {[%clk 0:01:16]} 36. Rxd4 {[%clk 0:05:48]} Nxb4+
{[%clk 0:01:14]} 37. Kc3 {[%clk 0:05:47]} c5 {[%clk 0:01:13]} 38. Rd6
{[%clk 0:05:43]} Kg7 {[%clk 0:01:11]} 39. Re5 {[%clk 0:05:39]} Rc7
{[%clk 0:01:06]} 40. Rb6 {[%clk 0:05:27]} Rd8 {[%clk 0:01:00]} 41. Bc2
{[%clk 0:04:48]} Na2+ {[%clk 0:00:58]} 42. Kb2 {[%clk 0:04:44]} Rd2
{[%clk 0:00:55]} 43. Kxa2 {[%clk 0:04:37]} Rxc2+ {[%clk 0:00:53]} 44. Kb3
{[%clk 0:04:31]} Rxf2 {[%clk 0:00:51]} 45. Re3 {[%clk 0:04:27]} Ra7
{[%clk 0:00:45]} 46. Rc6 {[%clk 0:04:20]} Rfa2 {[%clk 0:00:43]} 0-1

[Event "2012"]
[Site "Pyhajarve"]
[Date "2012.11.23"]
[Round "8.5"]
[White "PORRASMAA, Timo"]
[Black "SMITH, Axel"]
[Result "0-1"]
[LiveChessVersion "1.3.1"]
[BlackElo "2490"]
[WhiteElo "2048"]

1. c4 {[%clk 0:13:58]} e5 {[%clk 0:06:00]} 2. Nc3 {[%clk 0:13:56]} Bb4
{[%clk 0:06:00]} 3. Nd5 Bc5 4. Nf3 {[%clk 0:13:46]} c6 {[%clk 0:05:56]} 5. Nc3
{[%clk 0:13:27]} d6 {[%clk 0:05:55]} 6. d4 {[%clk 0:13:08]} exd4 {[%clk 0:05:54]}
7. Nxd4 {[%clk 0:13:06]} Nf6 {[%clk 0:05:53]} 8. e3 {[%clk 0:12:35]} O-O
{[%clk 0:05:51]} 9. Be2 {[%clk 0:12:34]} Bb6 {[%clk 0:05:50]} 10. O-O
{[%clk 0:12:27]} Na6 {[%clk 0:05:50]} 11. b3 {[%clk 0:12:06]} Nc5
{[%clk 0:05:39]} 12. Bb2 {[%clk 0:11:58]} Re8 {[%clk 0:05:39]} 13. Bf3
{[%clk 0:11:32]} Qe7 {[%clk 0:05:23]} 14. Qc2 {[%clk 0:10:54]} Bg4
{[%clk 0:04:33]} 15. Qe2 {[%clk 0:10:24]} Bxf3 {[%clk 0:04:21]} 16. Nxf3
{[%clk 0:09:56]} Rad8 {[%clk 0:04:19]} 17. Rad1 {[%clk 0:09:52]} Bc7
{[%clk 0:04:05]} 18. Nd4 {[%clk 0:08:52]} Qd7 {[%clk 0:03:44]} 19. Qf3
{[%clk 0:08:35]} Qg4 {[%clk 0:03:43]} 20. Qxg4 {[%clk 0:08:17]} Nxg4
{[%clk 0:03:43]} 21. Nf3 {[%clk 0:08:15]} Nf6 {[%clk 0:03:37]} 22. Rd4
{[%clk 0:07:44]} Kf8 {[%clk 0:03:15]} 23. Rfd1 {[%clk 0:07:38]} Ke7
{[%clk 0:03:14]} 24. Ng5 {[%clk 0:06:36]} Ne6 {[%clk 0:02:57]} 25. Nxe6
{[%clk 0:06:32]} fxe6 {[%clk 0:02:56]} 26. Ne4 {[%clk 0:06:14]} Nxe4
{[%clk 0:02:51]} 27. Rxe4 {[%clk 0:06:13]} Kf7 {[%clk 0:02:47]} 28. Rf4+
{[%clk 0:05:55]} Kg8 {[%clk 0:02:46]} 29. Rfd4 {[%clk 0:05:52]} Kf7
{[%clk 0:02:45]} 30. Rf4+ Kg8 31. Rfd4 {[%clk 0:05:50]} e5 {[%clk 0:02:43]} 32.
R4d2 Kf7 33. e4 {[%clk 0:04:57]} Ke6 {[%clk 0:02:40]} 34. Rd3 {[%clk 0:04:54]} g6
{[%clk 0:02:39]} 35. Ba3 {[%clk 0:04:40]} Rd7 {[%clk 0:02:32]} 36. Kf1
{[%clk 0:04:18]} Red8 {[%clk 0:02:32]} 37. Ke2 {[%clk 0:04:10]} Bb6
{[%clk 0:02:32]} 38. Bb4 {[%clk 0:03:58]} Bd4 {[%clk 0:02:30]} 39. Bc3
{[%clk 0:03:53]} c5 {[%clk 0:02:29]} 40. Ba5 {[%clk 0:03:42]} b6 {[%clk 0:02:28]}
41. Bc3 {[%clk 0:03:40]} Rf8 {[%clk 0:02:27]} 42. Bxd4 {[%clk 0:03:33]} cxd4
{[%clk 0:02:26]} 43. Rf3 {[%clk 0:03:27]} Rxf3 {[%clk 0:02:22]} 44. Kxf3
{[%clk 0:03:25]} a6 {[%clk 0:02:21]} 45. Ke2 Rc7 46. Rc1 {[%clk 0:03:11]} b5
{[%clk 0:02:13]} 47. Kd3 {[%clk 0:03:06]} Kd7 {[%clk 0:02:08]} 48. Rc2
{[%clk 0:02:38]} b4 49. a4 Ke6 {[%clk 0:02:01]} 50. Ke2 {[%clk 0:02:33]} Kf6
{[%clk 0:02:00]} 51. Rd2 {[%clk 0:02:32]} Kg5 {[%clk 0:02:00]} 52. Rd3
{[%clk 0:02:32]} Kf4 {[%clk 0:01:56]} 53. f3 {[%clk 0:02:20]} h5 {[%clk 0:01:50]}
54. g3+ {[%clk 0:02:17]} Kg5 {[%clk 0:01:50]} 55. Rd1 {[%clk 0:02:13]} Rf7
{[%clk 0:01:44]} 56. h4+ {[%clk 0:02:08]} Kf6 {[%clk 0:01:44]} 57. Rf1
{[%clk 0:02:04]} g5 {[%clk 0:01:43]} 58. Rh1 {[%clk 0:01:54]} gxh4
{[%clk 0:01:34]} 59. Rxh4 Kg5 60. Rh2 {[%clk 0:01:38]} Rf8 {[%clk 0:01:33]} 61.
Rh1 {[%clk 0:01:34]} Rc8 {[%clk 0:01:31]} 62. Kd3 {[%clk 0:01:31]} Rh8
{[%clk 0:01:30]} 63. Ke2 {[%clk 0:01:27]} h4 {[%clk 0:01:27]} 64. Rg1
{[%clk 0:01:15]} hxg3 {[%clk 0:01:24]} 65. Rxg3+ Kf6 66. Rg2 {[%clk 0:01:07]} Rh1
{[%clk 0:01:23]} 0-1